Paradox 4.5 für Windows Professioneller Einsatz für den Berufsalltag. Praxisbuch

Enregistré dans:
Détails bibliographiques
Auteur principal: Finkenzeller, Hermann
Format: Livre
Langue:allemand
Publié: Haar bei München Markt und Technik 1994
Édition:1. Aufl.
Tags: Ajouter un tag
Pas de tags, Soyez le premier à ajouter un tag!

MARC

LEADER 00000nam a2200000 4500
001 c010334
005 20221214075348.7
020 |a 3-87791-596-5 
041 0 |a ger 
044 |a DE 
245 1 0 |a Paradox 4.5 für Windows  |b Professioneller Einsatz für den Berufsalltag. Praxisbuch  |c Hermann Finkenzeller 
250 |a 1. Aufl. 
264 1 |a Haar bei München  |b Markt und Technik  |c 1994 
300 |a 637 s. 
100 1 |a Finkenzeller, Hermann